Score 0/20 Timer 08:00
1 Play Today
Misconception Missing Word % Correct
Napoleon Bonaparte was _____ in stature, compared to other men.Short
96.5%
Life expectancy in the _____ Ages was low, and as such people tended to die around the age of 30.Middle
93.9%
People thought the world was flat until the explorer _____ sailed to America.Columbus
93.4%
Anyone caught as a witch during the _____ Witch Trials was burned at the stake.Salem
91.8%
Knights needed help climbing onto their _____ when wearing plate armor.Horses
91.6%
The United States Declaration of Independence was signed on July _____ , 1776.4th
90.4%
Mass hysteria broke out during a radio telling of H.G. Wells' 'The War of the _____ '.Worlds
89.7%
Cinco de _____ is Mexico’s Independence Day.Mayo
89.3%
George Washington had teeth made of _____ .Wood
87%
Viking warriors wore _____ on their helmets.Horns
86.5%
Misconception Missing Word % Correct
Before becoming famous, Albert Einstein often failed in his _____ classes.Math
85.5%
_____ Maidens were used for torture hundreds of years ago.Iron
85.2%
There is a red _____ that connects the White House and the Kremlin.Phone
78.3%
The Great Chicago Fire was caused by Mrs. O'Leary's _____ kicking over a lantern.Cow
64.4%
Benito Mussolini 'made the _____ run on time'.Trains
58.3%
While speaking in Berlin, Kennedy called himself a jelly _____ .Donut
56.9%
Benjamin Franklin suggested the _____ as the national symbol instead of the bald eagle.Turkey
56.4%
Santa Claus was invented by the company ____ -____ .Coca-Cola
54%
The _____ of Alexandria was destroyed by the Muslims in 641.Library
51.9%
A single vote prevented a bill from passing that would make _____ the official language of the United States.German
50.7%

Today's Daily Dose

You're not logged in!

Compare scores with friends on all Sporcle quizzes.
OR
Log In

Sporcle TV

Today on Sporcle TV


Watch our educational content, quiz creation guides, and fun videos on Sporcle TV.

Show Comments

Extras

Top Quizzes Today


Score Distribution

Paid Content

Your Account Isn't Verified!

In order to create a playlist on Sporcle, you need to verify the email address you used during registration. Go to your Sporcle Settings to finish the process.

Report this User

Report this user for behavior that violates our Community Guidelines.

Details: